01569nam a2200421 i 450000100060000000300090000600500170001500800390003201500170007102000150008804000280010304600090013108000120014008000110015208000160016310000620017924501220024126000340036330000510039733600270044833700540047533800280052938000160055738000270057338500390060038800140063938800140065350400220066752100490068965000180073865000120075665500500076865800280081865800300084671000620087685600980093885601110103624672KOSZ 00520210318141024.0980715s1996 pl a f f |000 0 pol aPB 1997/6298 a8386123672 aWA NcWA NdKOSZ 005/HR k1996 a519.816 a005.53 a(075.8+076)1 aStępień, Piotrc(budowa i eksploatacja maszyn)eAutor10aOptymalne decyzje w technice i biznesie :bzbiór zadań.nCz. 1 /cPiotr Stępień ; Politechnika Koszalińska. aKoszalin :bWydaw. PK,c1996. a183 s. :brys. (w tym kolor.), wykr. ;c30 cm. 2rdacontentaTekstbtxt 2rdamediaaBez urządzenia pośredniczącegobn 2rdacarrieraWoluminbnc aKsiążki aPublikacje dydaktyczne mPoziom nauczaniaaSzkoły wyższe a1901-2000 a1989-2000 aBibliogr. s. 183. aSkrypt Instytutu Zarządzania i Marketingu. 4aOptymalizacja 4aDecyzje 4aĆwiczenia i zadania dla szkół wyższych aInżynieria i technika aZarządzanie i marketing2 aWydawnictwo Uczelniane (Politechnika Koszalińska)4pbl. uhttp://koha.tu.koszalin.pl/cgi-bin/koha/opac-detail.pl?biblionumber=24672yKatalog online BPK uhttp://dlibra.tu.koszalin.pl/dlibra/docmetadata?id=637&from=&dirids=1&ver_id=&lp=1&QI=yBiblioteka Cyfrowa